[Event "Texas Collegiate Super Finals"]
[Site "Brownsville"]
[Date "2017.10.21"]
[Round "2.3"]
[White "Andrenko, Irina"]
[Black "Hernandez Carmenates, Holden"]
[Result "1/2-1/2"]
[WhiteElo "2146"]
[BlackElo "2463"]
[PlyCount "96"]
[EventDate "2017.10.21"]
[EventType "team-tourn"]
[EventRounds "4"]
[EventCountry "USA"]
[SourceTitle "CBM 181 Extra"]
[Source "ChessBase"]
[SourceDate "2017.12.12"]
[SourceVersion "1"]
[SourceVersionDate "2017.12.12"]
[SourceQuality "1"]
[WhiteTeam "Texas Tech Univ II"]
[BlackTeam "Texas Dallas Univ II"]
[WhiteTeamCountry "USA"]
[BlackTeamCountry "USA"]

1. e4 c6 2. d4 d5 3. Nc3 dxe4 4. Nxe4 Bf5 5. Ng3 Bg6 6. Bc4 e6 7. N1e2 Bd6 8. h4 h6 9. Nf4 Bxf4 10. Bxf4 Nf6 11. h5 Bh7 12. c3 Nd5 13. Bd2 0-0 14. Qf3 e5 15. 0-0-0 exd4 16. cxd4 Nb6 17. Bd3 Qd5 18. Bxh7+ Kxh7 19. Qd3+ Kh8 20. Kb1 N8d7 21. Bb4 Rfe8 22. Nf5 Re6 23. g4 a5 24. Bc3 Nf6 25. f3 Qc4 26. Qxc4 Nxc4 27. d5 Nxd5 28. Bxg7+ Kh7 29. Bd4 a4 30. Rh2 a3 31. Ng7 Nxb2 32. Rg1 Re7 33. Nf5 Ree8 34. g5 hxg5 35. Rxg5 Rg8 36. Rhg2 Rxg5 37. Rxg5 Rg8 38. Rxg8 Kxg8 39. Bxb2 axb2 40. Kxb2 Nf4 41. h6 Nd3+ 42. Kc3 Ne5 43. f4 Ng6 44. Kd4 Nxf4 45. Nd6 b5 46. h7+ Kxh7 47. Nxf7 Nd5 48. Ne5 Nb4 1/2-1/2

[Event "Capablanca Memorial op 52nd"]
[Site "Matanzas"]
[Date "2017.05.27"]
[Round "1"]
[White "Andrenko, Irina"]
[Black "Fernandez Bustamante, Leancy B"]
[Result "1-0"]
[WhiteElo "2165"]
[BlackElo "1891"]
[PlyCount "76"]
[EventDate "2017.05.27"]
[EventType "swiss"]
[EventRounds "10"]
[EventCountry "CUB"]
[SourceTitle "EXT 2018"]
[Source "ChessBase"]
[SourceDate "2017.10.13"]
[SourceVersion "1"]
[SourceVersionDate "2017.10.13"]
[SourceQuality "1"]

1. e4 c5 2. Nf3 d6 3. d4 cxd4 4. Nxd4 Nf6 5. Nc3 a6 6. h3 e5 7. Nde2 h5 8. g3 Nc6 9. Bg2 Be6 10. Be3 b5 11. 0-0 Qd7 12. Nd5 Rb8 13. Nxf6+ gxf6 14. Kh2 Ne7 15. f4 Qc7 16. f5 Bc8 17. Nc3 Bb7 18. a3 h4 19. gxh4 Rxh4 20. Qe1 Rh7 21. Rd1 Bh6 22. Bxh6 Rxh6 23. Qd2 Rh4 24. Qxd6 Qxd6 25. Rxd6 Nc6 26. Nd5 Nd4 27. Nxf6+ Ke7 28. Rb6 Nc6 29. Nd5+ Kf8 30. f6 Na5 31. b3 Nc6 32. Rf5 Rh6 33. c4 bxc4 34. bxc4 Na5 35. Bf1 Rc8 36. Rxe5 Nxc4 37. Bxc4 Rxc4 38. Rxb7 Rc2+ 1-0

[Event "Lutsk Nebesna Sotnya Memorial rap"]
[Site "Lutsk"]
[Date "2015.02.21"]
[Round "2"]
[White "Bernadskiy, Vitaliy"]
[Black "Andrenko, Irina"]
[Result "1-0"]
[WhiteElo "2525"]
[BlackElo "2168"]
[PlyCount "119"]
[EventDate "2015.02.21"]
[EventType "swiss (rapid)"]
[EventRounds "11"]
[EventCountry "UKR"]
[SourceTitle "CBM 164 Extra"]
[Source "ChessBase"]
[SourceDate "2015.03.02"]
[SourceVersion "1"]
[SourceVersionDate "2015.03.02"]
[SourceQuality "1"]

1. b3 e5 2. Bb2 Nc6 3. e3 g6 4. f4 d6 5. fxe5 dxe5 6. Nf3 Bg7 7. Bc4 Nh6 8. 0-0 0-0 9. e4 Nd4 10. h3 Be6 11. Bxe6 fxe6 12. d3 Nf7 13. Nbd2 Ng5 14. Nxd4 Rxf1+ 15. Nxf1 exd4 16. Qg4 Qe7 17. Nd2 Rf8 18. a4 c5 19. Nc4 e5 20. Bc1 Nf7 21. Bd2 Bh6 22. Rf1 Bxd2 23. Nxd2 Qg5 24. Qxg5 Nxg5 25. Rb1 Rc8 26. Nc4 Nf7 27. a5 Rc7 28. Kf2 Kf8 29. Ke2 Ke7 30. Kd2 Ke6 31. Rf1 Rd7 32. h4 h5 33. Ke2 Rd8 34. Nd2 Nh6 35. Nf3 Rd6 36. Nd2 Rd8 37. Rb1 Ng4 38. b4 cxb4 39. Rxb4 Rd7 40. Rb5 Rc7 41. Nc4 Rf7 42. Ke1 Rd7 43. Kd2 Rf7 44. Kc1 Rd7 45. a6 bxa6 46. Ra5 Rc7 47. Rxa6+ Kf7 48. Nd6+ Ke7 49. Nb5 Rb7 50. Nxa7 Ne3 51. Nc6+ Ke8 52. Ra8+ Kd7 53. Nxe5+ Ke6 54. Nc6 Kd7 55. Nxd4 Nxg2 56. e5 Nxh4 57. e6+ Kd6 58. Ra6+ Ke5 59. Nc6+ Kd6 60. Nd8+ 1-0

[Event "New Delhi Parsvnath op 13th"]
[Site "New Delhi"]
[Date "2015.01.16"]
[Round "10"]
[White "Andrenko, Irina"]
[Black "Jyothilal, Narayanan"]
[Result "1-0"]
[WhiteElo "2228"]
[BlackElo "2009"]
[PlyCount "63"]
[EventDate "2015.01.09"]
[EventType "tourn"]
[EventRounds "10"]
[EventCountry "IND"]
[SourceTitle "CBM 164 Extra"]
[Source "ChessBase"]
[SourceDate "2015.03.02"]
[SourceVersion "1"]
[SourceVersionDate "2015.03.02"]
[SourceQuality "1"]

1. e4 c5 2. Nf3 d6 3. d4 cxd4 4. Nxd4 Nf6 5. Nc3 g6 6. Be3 Bg7 7. f3 Nc6 8. Qd2 0-0 9. 0-0-0 d5 10. exd5 Nxd5 11. Nxc6 bxc6 12. Bd4 Nxc3 13. Qxc3 Bh6+ 14. Be3 Bxe3+ 15. Qxe3 Qb6 16. Qxe7 Be6 17. Qa3 Rad8 18. Bd3 Rd5 19. b3 Rfd8 20. Rde1 Rc5 21. Kb1 a5 22. h4 a4 23. Qxa4 Ra5 24. Qf4 Qa7 25. Qf6 Rxd3 26. cxd3 Rxa2 27. Rxe6 fxe6 28. Qxe6+ Kg7 29. Qe5+ Kf7 30. Re1 Rxg2 31. Qe8+ Kf6 32. Qh8+ 1-0

[Event "New Delhi Parsvnath op 13th"]
[Site "New Delhi"]
[Date "2015.01.13"]
[Round "7"]
[White "Prajesh, R."]
[Black "Andrenko, Irina"]
[Result "0-1"]
[WhiteElo "2058"]
[BlackElo "2228"]
[PlyCount "76"]
[EventDate "2015.01.09"]
[EventType "tourn"]
[EventRounds "10"]
[EventCountry "IND"]
[SourceTitle "CBM 164 Extra"]
[Source "ChessBase"]
[SourceDate "2015.03.02"]
[SourceVersion "1"]
[SourceVersionDate "2015.03.02"]
[SourceQuality "1"]

1. d4 g6 2. c4 Nf6 3. Nc3 Bg7 4. e4 d6 5. Nf3 0-0 6. h3 e5 7. d5 a5 8. Bg5 Na6 9. Nd2 Qe8 10. Be2 Kh8 11. g4 Ng8 12. f3 f5 13. Be3 Qe7 14. Qc2 Bh6 15. Bf2 Nb4 16. Qb3 Nf6 17. Bg3 Nh5 18. gxh5 Bxd2+ 19. Kd1 Be3 20. a3 Na6 21. Nb5 f4 22. Be1 Nc5 23. Qc2 c6 24. Nc3 a4 25. hxg6 Rg8 26. Rb1 Rxg6 27. Bf1 Nb3 28. Qd3 Nc5 29. Qc2 Qg7 30. Rh2 Nb3 31. Rg2 Bd7 32. Rxg6 Qxg6 33. Qh2 Rg8 34. Ne2 cxd5 35. cxd5 Bb5 36. Bc3 Bd3 37. Rc1 Bxe2+ 38. Qxe2 Nxc1 0-1

[Event "Chennai op 7th"]
[Site "Chennai"]
[Date "2014.12.31"]
[Round "3"]
[White "Andrenko, Irina"]
[Black "Narayanan, Sunilduth Lyna"]
[Result "0-1"]
[WhiteElo "2202"]
[BlackElo "2437"]
[PlyCount "64"]
[EventDate "2014.12.30"]
[EventType "swiss"]
[EventRounds "10"]
[EventCountry "IND"]
[SourceTitle "CBM 164 Extra"]
[Source "ChessBase"]
[SourceDate "2015.03.02"]
[SourceVersion "1"]
[SourceVersionDate "2015.03.02"]
[SourceQuality "1"]

1. e4 c6 2. d4 d5 3. Nc3 dxe4 4. Nxe4 Bf5 5. Ng3 Bg6 6. h4 h6 7. Nf3 Nf6 8. Ne5 Bh7 9. Bc4 e6 10. c3 Nbd7 11. f4 Bd6 12. Qe2 0-0 13. 0-0 Qc7 14. Nh5 Nxh5 15. Qxh5 Nf6 16. Qe2 c5 17. dxc5 Bxc5+ 18. Kh2 Bd6 19. Kg1 Rad8 20. Bd3 Bf5 21. Bxf5 exf5 22. Qc2 Ne4 23. Nd3 Bc5+ 24. Nxc5 Qxc5+ 25. Kh2 Rfe8 26. Rf3 Nf6 27. Rf1 Ng4+ 28. Kh3 Qc4 29. Rf3 Re1 30. Qxf5 h5 31. Qxh5 Nf6 32. Qg5 Rh1+ 0-1

[Event "Al Ain op 3rd"]
[Site "Al Ain"]
[Date "2014.12.22"]
[Round "5"]
[White "Asadli, Vugar Afgan Oglu"]
[Black "Andrenko, Irina"]
[Result "0-1"]
[WhiteElo "2043"]
[BlackElo "2202"]
[PlyCount "62"]
[EventDate "2014.12.19"]
[EventType "swiss"]
[EventRounds "9"]
[EventCountry "UAE"]
[SourceTitle "CBM 164 Extra"]
[Source "ChessBase"]
[SourceDate "2015.03.02"]
[SourceVersion "1"]
[SourceVersionDate "2015.03.02"]
[SourceQuality "1"]

1. g3 Nf6 2. Bg2 g6 3. e4 d6 4. d4 Bg7 5. Nc3 0-0 6. Nge2 c6 7. 0-0 e5 8. a4 a5 9. h3 Na6 10. Be3 Nb4 11. Qd2 Be6 12. Rad1 Bc4 13. Rfe1 Re8 14. g4 d5 15. dxe5 Nxe4 16. Qc1 Nxc3 17. bxc3 Na6 18. f4 f6 19. e6 Rxe6 20. Nd4 Re8 21. f5 Nc7 22. Bf4 Qd7 23. Qb2 Rxe1+ 24. Rxe1 b5 25. Kh1 Re8 26. Ra1 Bf8 27. Qc1 b4 28. cxb4 axb4 29. Bxc7 Qxc7 30. Qd2 Qg3 31. Bf3 Qxh3+ 0-1

[Event "Chervonograd 10th"]
[Site "Chervonograd"]
[Date "2014.11.27"]
[Round "1"]
[White "Strzemiecki, Zbigniew"]
[Black "Andrenko, Irina"]
[Result "1-0"]
[WhiteElo "2361"]
[BlackElo "2185"]
[PlyCount "121"]
[EventDate "2014.11.27"]
[EventType "tourn"]
[EventRounds "11"]
[EventCountry "UKR"]
[EventCategory "1"]
[SourceTitle "CBM 163 Extra"]
[Source "ChessBase"]
[SourceDate "2014.12.23"]
[SourceVersion "1"]
[SourceVersionDate "2014.12.23"]
[SourceQuality "1"]

1. e4 g6 2. d4 Bg7 3. Nc3 d6 4. Be3 a6 5. Qd2 b5 6. 0-0-0 Bb7 7. f3 Nd7 8. Kb1 h5 9. Nh3 e6 10. Nf4 Ngf6 11. h4 Qe7 12. Nd3 Nb6 13. Bg5 e5 14. Nb4 exd4 15. Ncd5 Nbxd5 16. Nxd5 Bxd5 17. exd5 0-0 18. Bd3 Rae8 19. Rde1 Qd7 20. Reg1 Re5 21. g4 Rxd5 22. Qg2 Kh8 23. f4 c6 24. gxh5 Nxh5 25. f5 Rxf5 26. Bxf5 Qxf5 27. Qxc6 Rc8 28. Qg2 d3 29. Rc1 dxc2+ 30. Rxc2 Rc4 31. Rhc1 d5 32. Ka1 Qe5 33. Qe2 Ng3 34. Qxe5 Bxe5 35. Rf2 Ne4 36. Rxc4 bxc4 37. Rxf7 c3 38. bxc3 Bxc3+ 39. Kb1 Nxg5 40. hxg5 a5 41. Kc2 d4 42. Rc7 Kg8 43. a4 Kf8 44. Rxc3 dxc3 45. Kxc3 Ke7 46. Kc4 Ke6 47. Kb5 Kf5 48. Kxa5 Kxg5 49. Kb4 Kh4 50. a5 g5 51. a6 g4 52. a7 Kh3 53. a8Q Kh2 54. Qh8+ Kg2 55. Qb2+ Kh3 56. Qc1 Kh2 57. Qd2+ Kh3 58. Qe1 Kg2 59. Qe2+ Kh3 60. Qf1+ Kh2 61. Qf2+ 1-0

[Event "Lvov Vasylyshyn Memorial-B 11th"]
[Site "Lvov"]
[Date "2014.11.25"]
[Round "9"]
[White "Polulikh, Bogdan"]
[Black "Andrenko, Irina"]
[Result "1/2-1/2"]
[WhiteElo "2076"]
[BlackElo "2185"]
[PlyCount "75"]
[EventDate "2014.11.18"]
[EventType "tourn"]
[EventRounds "9"]
[EventCountry "UKR"]
[SourceTitle "CBM 163 Extra"]
[Source "ChessBase"]
[SourceDate "2014.12.23"]
[SourceVersion "1"]
[SourceVersionDate "2014.12.23"]
[SourceQuality "1"]

1. d4 Nf6 2. c4 g6 3. Nc3 d5 4. Bf4 Bg7 5. Rc1 0-0 6. e3 c6 7. Nf3 Be6 8. c5 Bg4 9. Qb3 b5 10. cxb6 axb6 11. Ne5 Bf5 12. Be2 Nfd7 13. Nf3 Bg4 14. 0-0 Bxf3 15. Bxf3 e5 16. dxe5 Nxe5 17. Be2 Nbd7 18. Rfd1 Qe7 19. h3 Qe6 20. Bf1 b5 21. a4 Nc5 22. Qc2 Nxa4 23. Nxa4 bxa4 24. Ra1 Rab8 25. Rdb1 Rb3 26. Rxa4 Rfb8 27. Ra8 Rxa8 28. Qxb3 h6 29. Qb7 Qc8 30. Qxc8+ Rxc8 31. b4 Rb8 32. b5 cxb5 33. Rxb5 Rxb5 34. Bxb5 g5 35. Bxe5 Bxe5 36. Bc6 d4 37. exd4 Bxd4 38. g4 1/2-1/2

[Event "Baku op"]
[Site "Baku"]
[Date "2014.09.23"]
[Round "2"]
[White "Manik, Mikulas"]
[Black "Andrenko, Irina"]
[Result "1-0"]
[WhiteElo "2385"]
[BlackElo "2199"]
[PlyCount "169"]
[EventDate "2014.09.22"]
[EventType "swiss"]
[EventRounds "9"]
[EventCountry "AZE"]
[SourceTitle "CBM 162 Extra"]
[Source "ChessBase"]
[SourceDate "2014.10.17"]
[SourceVersion "1"]
[SourceVersionDate "2014.10.17"]
[SourceQuality "1"]

1. e4 c5 2. Nf3 e6 3. d4 cxd4 4. Nxd4 Nc6 5. Nc3 Qc7 6. Be3 a6 7. Qd2 Nf6 8. 0-0-0 Bb4 9. f3 Ne7 10. Nde2 b5 11. Kb1 Ba5 12. Qd4 Nc6 13. Qd6 Qxd6 14. Rxd6 Bc7 15. Rd2 Ne5 16. Nc1 d6 17. Bg5 b4 18. Nd1 Nfd7 19. Ne3 f6 20. Bh4 Ke7 21. Be2 Bb7 22. Rhd1 h5 23. Nd3 Nxd3 24. Bxd3 Nc5 25. Bf1 Rad8 26. Bf2 Na4 27. Bc4 Nb6 28. Bb3 a5 29. Nc4 Nxc4 30. Bxc4 h4 31. Be3 Rh5 32. h3 Bc6 33. Bf4 Rc5 34. b3 Rh5 35. Rd3 f5 36. exf5 Rxf5 37. Bh2 g5 38. c3 Bb8 39. cxb4 axb4 40. Re3 d5 41. Bd3 Rff8 42. Bxb8 Rxb8 43. Rde1 Bd7 44. Kb2 Rf4 45. a4 bxa3+ 46. Kxa3 Kf6 47. Kb2 Rfb4 48. Bc2 d4 49. Re4 R8b6 50. f4 gxf4 51. Rxf4+ Kg5 52. Rf7 d3 53. Bxd3 Rxb3+ 54. Kc2 Rb2+ 55. Kc1 R2b5 56. Bxb5 Bxb5 57. Re4 Kg6 58. Rf2 Bd3 59. Rxh4 e5 60. Rg4+ Kh6 61. Rf8 Bg6 62. Rg8 Rb1+ 63. Kd2 Rb2+ 64. Ke3 Rb3+ 65. Kf2 Rb2+ 66. Kg3 Rb3+ 67. Kh2 Rb6 68. R8xg6+ Rxg6 69. Rxg6+ Kxg6 70. Kg3 Kf5 71. Kf3 e4+ 72. Ke3 Ke5 73. g4 Kd5 74. h4 Ke5 75. h5 Kf6 76. Kxe4 Kg5 77. Kf3 Kf6 78. Kf4 Kg7 79. g5 Kf7 80. Kf5 Kg7 81. h6+ Kh7 82. Kf6 Kh8 83. g6 Kg8 84. g7 Kh7 85. Kf7 1-0

[Event "Cappelle op 30th"]
[Site "Cappelle la Grande"]
[Date "2014.03.01"]
[Round "1"]
[White "Andrenko, Irina"]
[Black "Drasko, Milan"]
[Result "1/2-1/2"]
[WhiteElo "2219"]
[BlackElo "2460"]
[PlyCount "40"]
[EventDate "2014.03.01"]
[EventType "swiss"]
[EventRounds "9"]
[EventCountry "FRA"]
[SourceTitle "CBM 159 Extra"]
[Source "ChessBase"]
[SourceDate "2014.04.24"]
[SourceVersion "1"]
[SourceVersionDate "2014.04.24"]
[SourceQuality "1"]

1. e4 e6 2. d4 d5 3. Nc3 Bb4 4. e5 c5 5. Bd2 Ne7 6. Nce2 Bxd2+ 7. Qxd2 Nbc6 8. f4 Qb6 9. 0-0-0 cxd4 10. Nxd4 Nxd4 11. Qxd4 Qxd4 12. Rxd4 Bd7 13. Nf3 Rc8 14. g4 h5 15. g5 a5 16. Rd2 b5 17. Nd4 b4 18. h4 0-0 19. Be2 g6 20. Rh3 Rb8 1/2-1/2

[Event "Al Ain op 2nd"]
[Site "Al Ain"]
[Date "2013.12.19"]
[Round "1"]
[White "Andrenko, Irina"]
[Black "Batchuluun, Tsegmed"]
[Result "0-1"]
[WhiteElo "2211"]
[BlackElo "2528"]
[PlyCount "72"]
[EventDate "2013.12.19"]
[EventType "swiss"]
[EventRounds "9"]
[EventCountry "UAE"]
[SourceTitle "CBM 158 Extra"]
[Source "ChessBase"]
[SourceDate "2014.02.28"]
[SourceVersion "1"]
[SourceVersionDate "2014.02.28"]
[SourceQuality "1"]

1. e4 e6 2. d4 d5 3. Nc3 Nf6 4. e5 Nfd7 5. f4 c5 6. Nf3 Nc6 7. Be3 Be7 8. Qd2 0-0 9. Be2 a6 10. dxc5 Bxc5 11. Nd4 Nxd4 12. Bxd4 b5 13. Bf3 b4 14. Ne2 a5 15. 0-0 Ba6 16. Rfd1 Bxe2 17. Bxe2 Qb6 18. c3 Rfc8 19. Kh1 Rab8 20. Bd3 g6 21. Qe3 a4 22. Rab1 Qa7 23. f5 Bxd4 24. cxd4 exf5 25. h4 Nf8 26. Bxf5 gxf5 27. Qg5+ Ng6 28. h5 Qe7 29. Qxf5 Qh4+ 30. Kg1 Ne7 31. Qf3 Rc2 32. Rd3 Qe4 33. Qf1 Nf5 34. Re1 Qg4 35. e6 fxe6 36. Rxe6 Nh4 0-1

[Event "Universiad (Women) 27th"]
[Site "Kazan"]
[Date "2013.07.10"]
[Round "3"]
[White "Andrenko, Irina"]
[Black "Rothebarth, Ana Vitoria de Paul"]
[Result "1/2-1/2"]
[WhiteElo "2253"]
[BlackElo "2034"]
[PlyCount "74"]
[EventDate "2013.07.09"]
[EventType "swiss"]
[EventRounds "9"]
[EventCountry "RUS"]
[SourceTitle "EXT 2014"]
[Source "ChessBase"]
[SourceDate "2013.11.20"]
[SourceVersion "1"]
[SourceVersionDate "2013.11.20"]
[SourceQuality "1"]

1. d4 Nf6 2. Bg5 e6 3. e4 h6 4. Bxf6 Qxf6 5. Nc3 Bb4 6. e5 Qd8 7. Qg4 Bf8 8. f4 b6 9. 0-0-0 c6 10. Bd3 Na6 11. Nf3 Nb4 12. Be4 Ba6 13. f5 Qc7 14. Kb1 0-0-0 15. Rhe1 Kb8 16. a3 Nd5 17. Nxd5 cxd5 18. Bd3 Bxd3 19. Rxd3 Rg8 20. Rc3 Qb7 21. f6 g6 22. Qh3 Qa6 23. Ng5 hxg5 24. Qh7 Bb4 25. axb4 Rgf8 26. Rg3 Qc4 27. c3 Rc8 28. h3 a5 29. bxa5 bxa5 30. Qh6 a4 31. Qxg5 Rc6 32. Qd2 Rb6 33. Qe2 Qb3 34. Qc2 Qc4 35. Qe2 Qb3 36. Qc2 Qc4 37. Qe2 Qb3 1/2-1/2

[Event "Universiad (Women) 27th"]
[Site "Kazan"]
[Date "2013.07.10"]
[Round "2"]
[White "Bulmaga, Irina"]
[Black "Andrenko, Irina"]
[Result "1-0"]
[WhiteElo "2403"]
[BlackElo "2253"]
[PlyCount "63"]
[EventDate "2013.07.09"]
[EventType "swiss"]
[EventRounds "9"]
[EventCountry "RUS"]
[SourceTitle "EXT 2014"]
[Source "ChessBase"]
[SourceDate "2013.11.20"]
[SourceVersion "1"]
[SourceVersionDate "2013.11.20"]
[SourceQuality "1"]

1. e4 d6 2. d4 Nf6 3. Nc3 g6 4. f4 Bg7 5. Nf3 0-0 6. Bd3 c5 7. dxc5 dxc5 8. e5 Nd5 9. Nxd5 Qxd5 10. Qe2 Bg4 11. Be4 Qd7 12. Be3 Na6 13. h3 Bf5 14. Rd1 Qc8 15. Bxf5 Qxf5 16. 0-0 Rad8 17. c3 Qe4 18. Ng5 Qc6 19. e6 f6 20. Rxd8 Rxd8 21. Nf7 Rf8 22. f5 gxf5 23. Nh6+ Kh8 24. Nxf5 Nc7 25. Qg4 Nxe6 26. Rf3 Qe8 27. Bxc5 Rf7 28. Bxe7 Nf8 29. Re3 Qd7 30. Qc4 Qd1+ 31. Kh2 Qh5 32. Nd6 1-0

[Event "UKR-ch (Women) 73rd"]
[Site "Kiev"]
[Date "2013.06.25"]
[Round "8"]
[White "Zhukova, Natalia"]
[Black "Andrenko, Irina"]
[Result "1-0"]
[WhiteElo "2471"]
[BlackElo "2253"]
[PlyCount "75"]
[EventDate "2013.06.15"]
[EventType "tourn"]
[EventRounds "9"]
[EventCountry "UKR"]
[EventCategory "4"]
[SourceTitle "CBM 155 Extra"]
[Source "ChessBase"]
[SourceDate "2013.08.26"]
[SourceVersion "1"]
[SourceVersionDate "2013.08.26"]
[SourceQuality "1"]

1. d4 Nf6 2. c4 g6 3. Nc3 Bg7 4. e4 d6 5. Nf3 0-0 6. Be2 c5 7. 0-0 Re8 8. Rb1 cxd4 9. Nxd4 Nc6 10. Nc2 Nd7 11. Bd2 a5 12. Nb5 Nc5 13. f3 f5 14. Bc3 Ne5 15. exf5 Bxf5 16. g4 Bd7 17. f4 Nf7 18. Bxg7 Kxg7 19. Ne3 Bxb5 20. cxb5 e6 21. Bc4 Rc8 22. Qd4+ Qf6 23. Qxf6+ Kxf6 24. f5 exf5 25. Nxf5 gxf5 26. Rxf5+ Kg7 27. Rxf7+ Kh8 28. Rbf1 Re4 29. R1f4 Rce8 30. h4 Re1+ 31. Kg2 Rb1 32. g5 Rxb2+ 33. Kf3 Ne6 34. Re4 Kg8 35. Rxb7 d5 36. Bxd5 Rf8+ 37. Kg3 Kh8 38. Rxe6 1-0

[Event "UKR-ch (Women) 73rd"]
[Site "Kiev"]
[Date "2013.06.19"]
[Round "3"]
[White "Dolzhikova, Kateryna"]
[Black "Andrenko, Irina"]
[Result "1/2-1/2"]
[WhiteElo "2301"]
[BlackElo "2253"]
[PlyCount "71"]
[EventDate "2013.06.15"]
[EventType "tourn"]
[EventRounds "9"]
[EventCountry "UKR"]
[EventCategory "4"]
[SourceTitle "CBM 155 Extra"]
[Source "ChessBase"]
[SourceDate "2013.08.26"]
[SourceVersion "1"]
[SourceVersionDate "2013.08.26"]
[SourceQuality "1"]

1. e4 c5 2. Nf3 e6 3. g3 Nc6 4. Bg2 Nge7 5. 0-0 d6 6. c3 g6 7. d4 Bg7 8. d5 exd5 9. exd5 Nb8 10. Na3 0-0 11. Bf4 Bg4 12. h3 Bxf3 13. Qxf3 Nc8 14. h4 Nd7 15. Nc4 Ndb6 16. Ne3 Nd7 17. h5 Ne5 18. Qe2 Nb6 19. Rad1 Re8 20. Rfe1 Nec4 21. Qc2 Nxe3 22. Bxe3 Nc4 23. Bc1 Qd7 24. b3 Rxe1+ 25. Rxe1 Nb6 26. h6 Bf6 27. c4 Re8 28. Rxe8+ Qxe8 29. Bb2 Qe1+ 30. Kh2 Qe7 31. Bxf6 Qxf6 32. Qe2 Kf8 33. Qe1 Nd7 34. Qe2 Qe7 35. Qb2 Qf6 36. Qe2 1/2-1/2

[Event "Cappelle op 29th"]
[Site "Cappelle la Grande"]
[Date "2013.02.27"]
[Round "6"]
[White "Bruno, Fabio"]
[Black "Andrenko, Irina"]
[Result "1-0"]
[WhiteElo "2440"]
[BlackElo "2228"]
[PlyCount "170"]
[EventDate "2013.02.23"]
[EventType "swiss"]
[EventRounds "9"]
[EventCountry "FRA"]
[SourceTitle "CBM 153 Extra"]
[Source "ChessBase"]
[SourceDate "2013.04.22"]
[SourceVersion "1"]
[SourceVersionDate "2013.04.22"]
[SourceQuality "1"]

1. Nf3 Nf6 2. c4 g6 3. g3 Bg7 4. Bg2 0-0 5. 0-0 d6 6. Nc3 c6 7. d3 e5 8. Rb1 a5 9. a3 Re8 10. Bg5 h6 11. Bxf6 Bxf6 12. Nd2 Bg7 13. b4 axb4 14. axb4 Be6 15. Qb3 Na6 16. b5 Nc5 17. Qb4 Rc8 18. bxc6 bxc6 19. Qb6 Nd7 20. Qa7 Nc5 21. Qb6 Nd7 22. Qa7 Nc5 23. Rfc1 Re7 24. Qb6 Rec7 25. Rc2 f5 26. Nb3 Rb8 27. Qxb8 Qxb8 28. Nxc5 Qe8 29. Nxe6 Qxe6 30. Rcc1 Kh7 31. Na2 e4 32. dxe4 fxe4 33. e3 Rf7 34. Rc2 d5 35. cxd5 cxd5 36. Re1 Qb6 37. Nc1 Qb1 38. Rce2 Rc7 39. Na2 Qb3 40. Nc1 Qb4 41. Rd1 Bb2 42. Ree1 Rc2 43. Ne2 Rd2 44. h4 g5 45. hxg5 hxg5 46. Bh3 Kg7 47. Bg4 Rd3 48. Rb1 Qa3 49. Red1 Rxd1+ 50. Rxd1 Qb3 51. Nd4 Bxd4 52. Rxd4 Kf6 53. Bd1 Qa2 54. Ba4 Qa3 55. Kg2 Qa2 56. Bc6 Qe2 57. Bxd5 Qf3+ 58. Kg1 Qe2 59. Bxe4 Ke5 60. Kg2 Qe1 61. Bf3 Qc3 62. Rd5+ Kf6 63. Be4 Qb4 64. Rf5+ Ke6 65. Kf3 Qe1 66. Kg4 Qb4 67. f3 Qe1 68. Bd5+ Kd6 69. e4 Qc3 70. Rxg5 Qc8+ 71. Rf5 Qh8 72. f4 Qg7+ 73. Rg5 Qd7+ 74. f5 Ke5 75. Rg6 Qa4 76. Re6+ Kd4 77. Kg5 Qa3 78. g4 Qf8 79. Rg6 Qe7+ 80. f6 Qe5+ 81. Kh6 Ke3 82. Kh7 Qh2+ 83. Rh6 Qb8 84. f7 Kf4 85. Rf6+ Kg5 1-0